000 00560nam a2200193Ia 4500
008 120823t2005 xxu||||| |||| 00| 0 sin d
041 _asin
080 _a8-31(eng)
_bBLY
100 _aBlyton,Enid
245 _aකළු වෙස් මුහුණා
246 _aKalu Wes Muhuna
260 _aSadeepa Publishers
_aNugegoda
_c2005
300 _b128p, 21 cm
500 _aSinhalese Translation Of Enid Blyton's of The Black Mask
700 _aRanawaka,Chinthna Prasad
_etr.
942 _cBK
999 _c41125
_d41125
003 LK-CoDNM
040 _aLK-CoDNM
_dLK-CoDNM
_eLK-CoDNM